000 00890nam a22002057a 4500
999 _c2803
_d2803
003 AR-CdUCM
008 190305b ||||| |||| 00| 0 spa d
040 _aMUNICIPALIDAD PROVINCIAL DEL CUSCO
_cBIBLIOTECA MUNICIPAL DEL CUSCO
082 _22ed.
_a321.8042 /
_bD68
100 _aDíaz Orihuela, Javier
_99760
245 _aPaniagua :
_bhéroe de la democracia /
260 _aLima :
_bGráfica Israel,
_c2010.
300 _a430 páginas ;
_c21 cm.
505 _aContenido: Pasará a la historia como un gran estadista -- Nace hoy un nuevo tiempo -- Señor embajador mucho gusto en conocerlo personalmente -- Empezó la redemocratización -- Vorágine de acontecimientos políticos -- ¿Cuándo tendría que estar en Lima? ...
650 _aActividad política
_99761
650 _aPresidente del Perú
_99762
650 _aPolítica y gobierno
_92693
942 _2ddc
_cLIBROS
945 _aafb